Изучение особенностей образования продуктов уплотнения при каталитическом окислении спиртов [С1-С4] на серебре: Диссертация на соискание ученой степени кандидата химических наук

Chi tiết về thư mục
Tác giả chính: Воронцова Н. В.
Tác giả của công ty: Томский политехнический институт
Tác giả khác: Курина Л. Н. (научный руководитель)
Ngôn ngữ:Tiếng Nga
Được phát hành: Томск, 1973
Những chủ đề:
Định dạng: Sách
KOHA link:https://koha.lib.tpu.ru/cgi-bin/koha/opac-detail.pl?biblionumber=128984

MARC

LEADER 00000nbm0a2200000 4500
001 128984
005 20231101220140.0
035 |a (RuTPU)RU\TPU\book\139579 
090 |a 128984 
100 |a 20080117d1973 k y0rusy50 ca 
101 0 |a rus 
102 |a RU 
105 |a a m 001zy 
200 1 |a Изучение особенностей образования продуктов уплотнения при каталитическом окислении спиртов [С1-С4] на серебре  |e Диссертация на соискание ученой степени кандидата химических наук  |f Н. В. Воронцова  |g Томский политехнический институт ; науч. рук. Л. Н. Курина 
210 |a Томск  |d 1973 
215 |a 151 л.  |c ил. 
320 |a Библиогр.: с. 140-151 (162 назв.) 
606 1 |a Химические реакции, каталитические  |2 stltpush  |3 (RuTPU)RU\TPU\subj\70733  |9 84938 
606 1 |a Серебро  |x Химия  |2 stltpush  |3 (RuTPU)RU\TPU\subj\75144  |9 87015 
610 1 |a диссертации 
610 1 |a каталитическое окисление 
610 1 |a спирты 
610 1 |a особенности 
610 1 |a образование 
610 1 |a изучение 
610 1 |a продукты уплотнения 
610 1 |a катализаторы 
610 1 |a приготовление 
610 1 |a формальдегид 
610 1 |a газообразные продукты 
610 1 |a физико-химические исследования 
610 1 |a результаты исследований 
610 1 |a обтекание 
675 |a 544.47(04)  |v 3 
675 |a 546.57(04)  |v 3 
700 1 |a Воронцова  |b Н. В. 
702 1 |a Курина  |b Л. Н.  |4 727 
712 0 2 |a Томский политехнический институт  |z 1944-1991  |2 stltpush  |3 (RuTPU)RU\TPU\col\1123 
801 1 |a RU  |b 63413507  |c 20080117  |g PSBO 
801 2 |a RU  |b 63413507  |c 20160302  |g RCR 
942 |c BK